00694nam a22002297a 45000010005000000030006000050050017000110080041000280200018000690400029000870500012001160820011001281000027001392450041001663000061002075050009002685200094002775210029003715210020004006000023004206500021004433474FISKH20240321162632.0240307b cb ||||| |||| 00| 0 eng d a9780152062743 aFISKHbengcFISKHdFISKH aPZ8.E29 a813.54 aEhlert, Lois eauthor  aOodles of Animals /cby Lois Ehlert  a50 unnumbered pages : bcolor illustrations ; c28 cm .  aH  aShort, easy to read rhymes reveal what is unique about various animals, from ape to wolf.8 a430 bLexile estimate 8 aI bRaz-Plus  2 rhymingvFiction  ashapesvFiction